Normal view MARC view

Entry Corporate Name

Number of records used in: 1

001 - CONTROL NUMBER

  • control field: 247227

003 - CONTROL NUMBER IDENTIFIER

  • control field:

005 - DATE AND TIME OF LATEST TRANSACTION

  • control field: 20210601204723.0

008 - FIXED-LENGTH DATA ELEMENTS

  • fixed length control field: 210601|| aca||aabn | a|a d

040 ## - CATALOGING SOURCE

  • Original cataloging agency:
  • Transcribing agency:

110 ## - HEADING--CORPORATE NAME

  • Corporate name or jurisdiction name as entry element: Food and Agriculture Organization of the United Nations.
  • Subordinate unit: Land and Water Development Divison.
  • Subordinate unit: Soil Resources, Management and Conservation Service

670 ## - SOURCE DATA FOUND

  • Source citation: Work cat.: (): Food and Agriculture Organization of the United Nations. Land and Water Development Divison. Soil Resources, Management and Conservation Service,, Application of nitrogen-fixing systems in soil improvement and management /, 1982
                                                                           
web counter

Copyright ©2020 The National Library of India, Govt. of India ↔ Hosted by NVLI, MOC ↔ Technology and Design by National Library of India, Ministry of Culture, Govt. of India